UBT Library

ENERGY,FORCE AND MATTER (Record no. 60196)

000 -LEADER
fixed length control field 00320nam a22001457a 4500
008 - FIXED-LENGTH DATA ELEMENTS--GENERAL INFORMATION
fixed length control field 230721b ||||| |||| 00| 0 eng d
020 ## - INTERNATIONAL STANDARD BOOK NUMBER
International Standard Book Number 9780521246008
041 ## - LANGUAGE CODE
Language code of text/sound track or separate title eng
080 ## - UNIVERSAL DECIMAL CLASSIFICATION NUMBER
Universal Decimal Classification number 53
082 ## - DEWEY DECIMAL CLASSIFICATION NUMBER
Classification number 53HAR
100 ## - Rafti
Rafti 20.1
101 ## - Shkurtesa
Shkurtesa FIZIK
245 ## - TITLE STATEMENT
Title ENERGY,FORCE AND MATTER
Statement of responsibility, etc HARMAN .M .P
942 ## - ADDED ENTRY ELEMENTS (KOHA)
Source of classification or shelving scheme
Item type Books
Holdings
Withdrawn status Lost status Source of classification or shelving scheme Damaged status Not for loan Collection code Permanent location Current location Date acquired Total Checkouts Full call number Barcode Date last seen Price effective from Koha item type
          Koleksioni i përgjithshem UBT - Lipjan UBT - Lipjan 07/21/2023   53HAR 002-800080904 07/21/2023 07/21/2023 Books
UBT Library © 2015-2024. All rights reserved University Education for Business and Technology